000 00231nam a2200097Ia 4500
008 190216s9999||||xx |||||||||||||| ||und||
100 _aGilbert M Smith
245 0 _aCryptogamic Botany Vol-1
260 _bMcgraw -hill
942 _cBK
999 _c1009
_d1009